| 000 | 00540nam a22001457a 4500 | ||
|---|---|---|---|
| 008 | 140820b xxu||||| |||| 00| 0 eng d | ||
| 020 | _a0406095426 | ||
| 050 | _aKD279.3.L39(1917-1918) | ||
| 245 |
_aThe Law Reports of the Incorporated council of Law Reporting(1917-1918): Courts of Probate, Divorce, and Admiralty. / _cedited by Frederick Pollock |
||
| 260 |
_aLondon: _bButterworth & Co. Ltd, _c1917. |
||
| 300 |
_a273p+various pagings _c24cm. |
||
| 440 | _pProbate division 1917 to 1918 | ||
| 800 | _aPollock, Frederick | ||
| 942 |
_2lcc _cBK |
||
| 999 |
_c3598 _d11098 |
||